Statistics for Seinfeld - reasons for break ups

Click here to take the quiz!

General Stats

  • This quiz has been taken 97 times
  • The average score is 8 of 12

Answer Stats

HintAnswer% Correct
She had man-____hands
94%
He shared his name with a ____ killerserial
94%
He ___ his nosepicked
86%
He is not ___-worthysponge
82%
He didn't tell her that he knew who had ____ during her piano recitallaughed
81%
She had dated _____Newman
81%
She ate __ individuallypeas
67%
She didn't give him a free _____massage
56%
He didn't use ____ ____ when he wrote a noteExclamation point
54%
He liked Jerry's _____ too muchparents
36%
Her roomate had taken the ____ couchvelvet
31%
She liked the ____ ____ commercialcotton dockers
25%

Score Distribution

Percentile by Number Answered

Percent of People with Each Score

Your Score History

You have not taken this quiz